000 01316cam a22002054a 4500
005 20250605164235.0
008 250528s ||||||||||||||||||||||||d
035 _a21119
020 _a9780716706175
040 _aGR-AtMCL
_bgre
_dGR-AtMCL
_eAACR2
245 1 _aPsychology / Fifth Edition
250 _a5th
260 _bWorth Publishers, Inc,
_c2007
300 _a758
520 _aPreface, Supplements and Media, Background to the Study of Psychology, Foundations for the Study of Psychology, Methods of Psychology, The Adaptiveness of Behavior, Genetic and Evolutionary Foundations of Behavior, Basic Processes of Learning, Physiological Mechanisms of Behavior, The Neural Control of Behavior, Mechanisms of Motivation and Emotion, Sensation and Perception, Smell and Taste and Pain and Hearing and Psychophysics, The Psychology of Vision, The Human Intellect, Memory and Consiousness, Reasoning and Intelligence, Growth of the Mind and Person, The Development of Thought and Language, Social Development, The Person in a World of People, Social Perception and Attitudes, Social Influences on Behavior, Personality and Disorders, Personality, Mental Disorders, Teatment, Statistical Appendix, Glossary, References, Index.
700 1 _aGrey Peter
_97151
942 _cBK
999 _c6188
_d6188